000 00291nam a22001337a 4500
008 171010b xxu||||| |||| 00| 0 eng d
020 _a9780072405354
041 _aeng
080 _26TH
_a316
100 _a50
101 _aSOC
245 _aSOCIOLOGY THE CORE
_cHUGHES,M
942 _2udc
_cBK
999 _c32905
_d32905